Dudley B Heslop v Michael John Bishton and two others (Record no. 81734)

MARC details
000 -LEADER
fixed length control field 01843cad a22002295a 4500
001 - CONTROL NUMBER
control field L148109
008 - FIXED-LENGTH DATA ELEMENTS--GENERAL INFORMATION
fixed length control field 090729e20090420xxk f v 000 0 eng d
035 ## - SYSTEM CONTROL NUMBER
System control number (Sirsi) u148109
041 0# - LANGUAGE CODE
Language code of text/sound track or separate title eng
245 00 - TITLE STATEMENT
Title Dudley B Heslop v Michael John Bishton and two others
Medium [electronic resource]
260 ## - PUBLICATION, DISTRIBUTION, ETC.
Date of publication, distribution, etc. 2009
520 ## - SUMMARY, ETC.
Summary, etc. [2009] EWHC 607 (Ch), 20 April 2009. The case considers whether a landowner can unilaterally grant a new right of way and extinguish an old right of way. Mr Heslop (H) owned a property. Michael John Bishton (B) remained the owner of a passageway between H's land and another property. A right of way allowed householders to access the passageway. H built a wall and pillars to make a gateway which interfered with the passageway. The judge declared that there was a substantial interference with the right of way enjoyed by B and allowed B to pass on other parts of H's land to access the gateway. H appealed this decision. "Held:" The alternative right of way affected remedy and extinguished the original right of way for the dominant landowner. The availability of the new route should not extinguish the former right of way. With this new route, H only granted the licence of right of way for ten years which leaves B in an unsecure position as to his right of way after this period of time. The judge was right in his decisions. The appeal is dismissed.
590 ## - LOCAL NOTE (RLIN)
Local note KA
650 24 - SUBJECT ADDED ENTRY--TOPICAL TERM
Topical term or geographic name entry element DUDLEY B HESLOP V MICHAEL JOHN BISHTON AND OTHERS
650 24 - SUBJECT ADDED ENTRY--TOPICAL TERM
Topical term or geographic name entry element SELBY V NETTLEFOLD
650 24 - SUBJECT ADDED ENTRY--TOPICAL TERM
Topical term or geographic name entry element GREENWICH HEALTHCARE NHS TRUST V LONDON AND QUADRANT HOUSING TRUST
650 24 - SUBJECT ADDED ENTRY--TOPICAL TERM
Topical term or geographic name entry element CRANE ROAD PROPERTIES V HUNDALANI
651 #4 - SUBJECT ADDED ENTRY--GEOGRAPHIC NAME
Geographic name England and Wales
Chronological subdivision 1543-
690 ## - LOCAL SUBJECT ADDED ENTRY--TOPICAL TERM (OCLC, RLIN)
Topical term or geographic name as entry element Boundary disputes
9 (RLIN) 6221
856 40 - ELECTRONIC LOCATION AND ACCESS
Uniform Resource Identifier <a href="https://www.bailii.org/ew/cases/EWHC/Ch/2009/607.html">https://www.bailii.org/ew/cases/EWHC/Ch/2009/607.html</a>
Public note View the case free of charge at www.bailli.org...
942 ## - ADDED ENTRY ELEMENTS (KOHA)
Suppress in OPAC 0
Holdings
Withdrawn status Lost status Source of classification or shelving scheme Damaged status Not for loan Home library Current library Shelving location Date acquired Total Checkouts Full call number Barcode Date last seen Copy number Price effective from Koha item type
    Dewey Decimal Classification     Virtual Virtual Online 29/07/2009   ONLINE PUBLICATION 148109-2001 06/08/2019 1 06/08/2019 Law report